|
|
|
|
| LEADER |
00000cam a2200000 c 4500 |
| 001 |
244183260 |
| 003 |
DE-627 |
| 005 |
20251222210705.0 |
| 007 |
tu |
| 008 |
980527s1998 xxk||||| 00| ||eng c |
| 010 |
|
|
|a 99205076
|
| 016 |
7 |
|
|a 0582294576
|2 UK
|
| 020 |
|
|
|a 0582294576
|9 0-582-29457-6
|
| 035 |
|
|
|a (DE-627)244183260
|
| 035 |
|
|
|a (DE-576)067504892
|
| 035 |
|
|
|a (DE-599)GBV244183260
|
| 035 |
|
|
|a (OCoLC)833345799
|
| 035 |
|
|
|a (OCoLC)40060986
|
| 040 |
|
|
|a DE-627
|b ger
|c DE-627
|e rakwb
|
| 041 |
|
|
|a eng
|
| 044 |
|
|
|c XA-GB
|
| 082 |
0 |
|
|a 364.40941
|
| 082 |
0 |
|
|a 364.4/0941
|
| 100 |
1 |
|
|a Crawford, Adam
|0 (DE-588)1041613318
|0 (DE-627)767144155
|0 (DE-576)167377426
|4 aut
|
| 109 |
|
|
|a Crawford, Adam
|
| 245 |
1 |
0 |
|a Crime prevention and community safety
|b politics, policies and practices
|c Adam Crawford
|
| 250 |
|
|
|a 1. publ.
|
| 263 |
|
|
|a pbk ; : £13.99 : CIP entry (Sep.)
|
| 264 |
|
1 |
|a London [u.a.]
|b Longman
|c 1998
|
| 300 |
|
|
|a XI, 307 S
|c 24 cm
|
| 336 |
|
|
|a Text
|b txt
|2 rdacontent
|
| 337 |
|
|
|a ohne Hilfsmittel zu benutzen
|b n
|2 rdamedia
|
| 338 |
|
|
|a Band
|b nc
|2 rdacarrier
|
| 490 |
0 |
|
|a Longman criminology series
|
| 500 |
|
|
|a Includes index. - Bibliography
|
| 650 |
|
0 |
|a Crime Prevention
|x Great Britain
|
| 935 |
|
|
|i Blocktest
|
| 951 |
|
|
|a BO
|
| ELC |
|
|
|b 1
|
| LOK |
|
|
|0 000 xxxxxcx a22 zn 4500
|
| LOK |
|
|
|0 001 3261334827
|
| LOK |
|
|
|0 003 DE-627
|
| LOK |
|
|
|0 004 244183260
|
| LOK |
|
|
|0 005 19990116000000
|
| LOK |
|
|
|0 008 981204||||||||||||||||ger|||||||
|
| LOK |
|
|
|0 040
|a DE-21
|c DE-627
|d DE-21
|
| LOK |
|
|
|0 852
|a DE-21
|
| LOK |
|
|
|0 852 1
|c KB 19 A 6929
|9 00
|
| LOK |
|
|
|0 935
|a krim
|
| LOK |
|
|
|0 936ln
|a k3.3.1
|
| LOK |
|
|
|0 939
|a 04-12-98
|b l01
|
| LOK |
|
|
|0 000 xxxxxcx a22 zn 4500
|
| LOK |
|
|
|0 001 3261334894
|
| LOK |
|
|
|0 003 DE-627
|
| LOK |
|
|
|0 004 244183260
|
| LOK |
|
|
|0 005 20130402115820
|
| LOK |
|
|
|0 008 130211||||||||||||||||ger|||||||
|
| LOK |
|
|
|0 040
|a DE-21-110
|c DE-627
|d DE-21-110
|
| LOK |
|
|
|0 689
|a s
|a Kriminalprävention
|
| LOK |
|
|
|0 689
|a s
|a Sicherheit
|
| LOK |
|
|
|0 689
|a s
|a Nachbarschaftshilfe
|
| LOK |
|
|
|0 689
|a s
|a Situative Kriminalprävention
|
| LOK |
|
|
|0 689
|a s
|a Kriminalstrategie
|
| LOK |
|
|
|0 689
|a s
|a Kriminalpolitik
|
| LOK |
|
|
|0 689
|a s
|a Implementation
|
| LOK |
|
|
|0 689
|a s
|a Evaluation
|
| LOK |
|
|
|0 852
|z Separate Aufstellung
|
| LOK |
|
|
|0 852
|a DE-21-110
|
| LOK |
|
|
|0 852 1
|c T 2013 47
|m p
|9 00
|
| LOK |
|
|
|0 936ln
|a 2.4
|
| LOK |
|
|
|0 938
|a 1302
|
| LOK |
|
|
|0 938
|k p
|
| LOK |
|
|
|0 939
|a 11-02-13
|b l01
|
| ORI |
|
|
|a SA-MARC-krimdoka001.raw
|
| SIG |
|
|
|a UB: KB 19 A 6929
|